000 00635 a2200217 4500
003 Nust
005 20170207154043.0
020 _a0-415-03957-6 ;
040 _cNust
082 _a610.9
100 1 _aFoucault, Michel,
245 0 4 _aThe birth of the clinic (E-BOOK)
_ban archaeology of medical perception /
_cMichel Foucault ; translated from the French by A. M. Sheridan
260 _aLondon :
_bRoutledge,
_c1989
300 _axix, 215 s.
490 0 _aWorld of man
650 7 _aMedicin
_xHistoria
650 7 _aMedicin
_xHistoria
650 7 _amedicine
650 7 _aMedicine
_xHistory
651 _aThe birth of the clinic (E-BOOK)
942 _2ddc
_cBK
999 _c192723
_d192723